Planimetría de precisión o estudios topográficos de análisis planimétrico / (Record no. 59383)
[ view plain ]
| 000 -LEADER | |
|---|---|
| campo de control de longitud fija | 00679nam a2200193 i 4500 |
| 001 - NÚMERO DE CONTROL | |
| campo de control | 59383 |
| 003 - IDENTIFICADOR DE NÚMERO DE CONTROL | |
| campo de control | ES-MaACL |
| 005 - FECHA Y HORA DE LA ÚLTIMA TRANSACCIÓN | |
| campo de control | 20230906164024.0 |
| 007 - CAMPO FIJO DE DESCRIPCIÓN FÍSICA--INFORMACIÓN GENERAL | |
| campo de control de longitud fija | t| |
| 008 - DATOS DE LONGITUD FIJA--INFORMACIÓN GENERAL | |
| campo de control de longitud fija | 031028s1903 sp ||||1| spa d |
| 100 1# - ENTRADA PRINCIPAL--NOMBRE DE PERSONA | |
| Nombre de persona | Elola, José de ( |
| Fechas asociadas al nombre | 1859-1933) |
| 9 (RLIN) | 47068 |
| 245 10 - MENCIÓN DEL TÍTULO | |
| Título | Planimetría de precisión o estudios topográficos de análisis planimétrico / |
| Mención de responsabilidad, etc. | por José de Elola y Gutiérrez. |
| 260 ## - PUBLICACIÓN, DISTRIBUCIÓN, ETC. | |
| Lugar de publicación, distribución, etc. | Madrid : |
| Nombre del editor, distribuidor, etc. | [s.n.], |
| Fecha de publicación, distribución, etc. | 1903 ( |
| Fabricante | Estab. Tip. "Sucesores de Rivadeneyra") |
| 300 ## - DESCRIPCIÓN FÍSICA | |
| Extensión | 3 v. (682, 714 p., 52 h. de lám.) : |
| Otras características físicas | il. ; |
| Dimensiones | 26 cm. |
| 500 ## - NOTA GENERAL | |
| Nota general | El vol.3 es un atlas. |
| 650 #4 - PUNTO DE ACCESO ADICIONAL DE MATERIA--TÉRMINO DE MATERIA | |
| Término de materia o nombre geográfico como elemento de entrada | Topografía. |
| 9 (RLIN) | 136936 |
| 650 #4 - PUNTO DE ACCESO ADICIONAL DE MATERIA--TÉRMINO DE MATERIA | |
| Término de materia o nombre geográfico como elemento de entrada | Planímetros. |
| 9 (RLIN) | 157006 |
| 852 ## - LOCALIZACIÓN | |
| Ubicación | ES-MaACL |
| Número de control de estantería | A-854-56 |
| Estatus retirado | Estado de pérdida | Estado de daño | No para préstamo | Biblioteca de origen | Biblioteca actual | Ubicación en estantería | Fecha de adquisición | Fuente de adquisición | Total de préstamos | Signatura topográfica completa | Código de barras | Visto por última vez | Precio de reemplazo | Tipo de ítem Koha |
|---|---|---|---|---|---|---|---|---|---|---|---|---|---|---|
| Biblioteca del Ateneo de Madrid | Biblioteca del Ateneo de Madrid | Depósito 1 | 17/01/2008 | A-854-56 | 1062287 | 23/02/2023 | 23/02/2023 | Libro impreso |
